| 000 | 00514nam a22001937a 4500 | ||
|---|---|---|---|
| 003 | CEME | ||
| 005 | 20210628203132.0 | ||
| 008 | 210118b xxu||||| |||| 00| 0 eng d | ||
| 020 | _a0-07-047428-1 | ||
| 040 | _cceme | ||
| 082 | _a519.2 PEE | ||
| 100 |
_aPeebles, Peyton .Z _934576 |
||
| 245 | _aPeebles, Peyton .Z | ||
| 250 | _a4TH | ||
| 260 |
_aNEW DELHI _bTATA MCGRAW HILL _c2005 |
||
| 300 | _aXVII,463 P | ||
| 650 |
_aPROBABILITY, RANDOM, VARIABLES AND RANDOM SIGNAL PRINCIPLES _963536 |
||
| 942 |
_cBK _2ddc |
||
| 999 |
_c572326 _d572326 |
||